| 000 | 01824nam a2200277Ia 4500 | ||
|---|---|---|---|
| 999 |
_c55455 _d55455 |
||
| 001 | 22537 | ||
| 003 | GE_BSU | ||
| 005 | 20220920100128.0 | ||
| 008 | 181216s2013||||ge |||||||||||||| ||geo|| | ||
| 040 | _cGE_BSU | ||
| 041 | _ageo | ||
| 080 | _a616.31 გ-59 | ||
| 100 |
_aგოგებაშვილი, ნინო _97961 |
||
| 245 |
_aპაროდონტიტის დროს განვითარებული იმუნური მაჩვენებლების ცვლილებები იმუნომოდულაციის პროცესში : დისერტაცია / _cნინო გოგებაშვილი; სამეცნიერო ხელმძღვანელი ნოდარ გოგებაშვილი; თბილისის სახელმწიფო სამედიცინო უნივერსიტეტი |
||
| 264 |
_aთბილისი, _c2013. |
||
| 300 |
_a165 გვ. ; _b23 სმ. |
||
| 504 | _aბიბლ.გვ. 132-134 | ||
| 653 | _aპაროდონტიტის დროს განვითარებული იმუნური მაჩვენებლების ცვლილებები იმუნომოდულაციის პროცესში | ||
| 653 | _aსტომატოლოგია | ||
| 653 | _aდისერტაცია | ||
| 653 | _aპაროდონტიტი | ||
| 653 | _aმედიცინა | ||
| 700 |
_aგოგებაშვილი, ნოდარ _eსამეცნიერო ხელმძღვანელი _911299 |
||
| 710 |
_aთბილისის სახელმწიფო სამედიცინო უნივერსიტეტი _911641 |
||
| 942 |
_cBK _2udc |
||